| 000 | 01034nam a22002177a 4500 | ||
|---|---|---|---|
| 003 | OSt | ||
| 005 | 20250915163358.0 | ||
| 008 | 240322b ||||| |||| 00| 0 eng d | ||
| 040 | _c0 | ||
| 082 | _aDPer 621.381 In821 September 2022 v. 37 n. 9 | ||
| 100 |
_aKanale, Ajit. _eauthor. _955108 |
||
| 245 |
_aMonolithic reverse blocking 1.2 kV 4H-SiC power transistor: _ba novel, single-chip, three-terminal device for current source inverter applications / _cAjit Kanale, Aditi Agarwal, B. Jayant Baliga, and Subhashish Bhattacharya. |
||
| 260 |
_aNew York ; _bThe Institute of Electrical and Electronics Engineers, Inc. , _cSeptember 2022. |
||
| 300 |
_aVolume 37, pages 10112-10116 : _billustration ; _c28 cm. |
||
| 500 | _aIEEE Transactions on Power Electronics, vol. 37, no. 9, pages 10112-10116, September 2022. | ||
| 700 |
_aKanale, Ajit. _eauthor. _955108 |
||
| 700 |
_aAgarwal, Aditi. _eauthor. _955109 |
||
| 700 |
_aBaliga, B. Jayant. _eauthor. _955110 |
||
| 700 |
_aBhattacharya, Subhashish. _eauthor. _955111 |
||
| 942 |
_2ddc _cPER |
||
| 999 |
_c19779 _d19779 |
||